00601nam a22001697a 4500999001900000003000500019005001700024008004100041038001800082082001200100100002400112245011400136260003100250700003500281942001300316952010200329 c531599d531599NUST20191021150135.0191021b ||||| |||| 00| 0 eng d aNusrat Nadeem a004 SAH a Naeem Sahar924495 aMS/Thesis:Pharmacoinformatics Approaches to Probe Current Paradigm Shift in HypercholesterolemiacSahar Naeem aIslamabadbRCMS NUSTc2019 4Dr. Ishrat Jabeen (Supervisor) 2ddccTHE 00102ddc4070aRCMSbRCMScTHEd2019-10-21l0o004 SAHpRCMS003167r2019-10-21w2019-10-21yTHE